Código civil de la República dominicana : (Registro nro. 49132)
[ vista simple ]
| 000 -CABECERA | |
|---|---|
| campo de control de longitud fija | 01252nam a22002417a 4500 |
| 003 - IDENTIFICADOR DEL NÚMERO DE CONTROL | |
| campo de control | OSt |
| 005 - FECHA Y HORA DE LA ÚLTIMA TRANSACCIÓN | |
| campo de control | 20220531084006.0 |
| 007 - CAMPO FIJO DE DESCRIPCIÓN FÍSICA--INFORMACIÓN GENERAL | |
| campo de control de longitud fija | ta |
| 008 - DATOS DE LONGITUD FIJA--INFORMACIÓN GENERAL | |
| campo de control de longitud fija | 201113b dr ||||fr|||| 001 0 spa d |
| 040 ## - FUENTE DE LA CATALOGACIÓN | |
| Centro catalogador/agencia de origen | DO-SdBNP |
| Lengua de catalogación | spa |
| Centro/agencia transcriptor | BNPHU |
| 041 ## - CÓDIGO DE LENGUA | |
| Código de lengua original | spa |
| 082 ## - NÚMERO DE LA CLASIFICACIÓN DECIMAL DEWEY | |
| Número de clasificación | xxxx |
| Número de documento/Ítem | C669co |
| 240 ## - TÍTULO UNIFORME | |
| Título uniforme | [Leyes.] |
| 245 10 - MENCIÓN DE TÍTULO | |
| Título | Código civil de la República dominicana : |
| Resto del título | leyes que lo modifican y lo completan / |
| Mención de responsabilidad, etc. | Plinio Terrero Peña, ed. |
| 260 ## - PUBLICACIÓN, DISTRIBUCIÓN, ETC. | |
| Lugar de publicación, distribución, etc. | Santo Domingo : |
| Nombre del editor, distribuidor, etc. | América , 3ra. ed. |
| Fecha de publicación, distribución, etc. | [s,f] |
| 300 ## - DESCRIPCIÓN FÍSICA | |
| Extensión | 518 pg. ; |
| Dimensiones | 20 cm. |
| 500 ## - NOTA GENERAL | |
| Nota general | Incluye índice de apéndice |
| 501 ## - NOTA DE "CON" | |
| Nota de “Con” | Incluye artículos del código civil que han sido suprimidos. |
| 505 10 - NOTA DE CONTENIDO CON FORMATO | |
| Nota de contenido con formato | - Libro primero : |
| Título | De las personas : título I : Del goce y privación o pérdida de los derechos civiles.- título II : del acto de los actos del estado civil. título III : del domicilio. título IV: de los ausentes. título V : del matrimonio. título VII : de la paternidad y de la filiación. título VIII : de la adopción. título IX : de la patria potestad. título X: de la menor edad, de la tutela y de la emancipación. título XI : de la mayor edad, de la interdicción, y del consultor judicial.- |
| 700 ## - PUNTO DE ACCESO ADICIONAL--NOMBRE DE PERSONA | |
| Nombre de persona | Terrero Peña , Plinio. |
| Término indicativo de función/relación | ed. |
| 9 (RLIN) | 35380 |
| 740 1# - PUNTO DE ACCESO ADICIONAL--TÍTULO RELACIONADO O ANALÍTICO NO CONTROLADO | |
| Título relacionado o analítico no controlado | Leyes. |
| 942 ## - ELEMENTOS DE PUNTO DE ACCESO ADICIONAL (KOHA) | |
| Fuente del sistema de clasificación o colocación | Dewey Decimal Classification |
| Tipo de ítem Koha | Libro |
| Estado de retiro | Estado de pérdida | Fuente del sistema de clasificación o colocación | No para préstamo | Código de colección | Localización permanente | Ubicación/localización actual | Ubicación en estantería | Fecha de adquisición | Fuente de adquisición | Número de inventario | Total de préstamos | Signatura topográfica completa | Código de barras | Fecha visto por última vez | Precio válido a partir de | Tipo de ítem Koha |
|---|---|---|---|---|---|---|---|---|---|---|---|---|---|---|---|---|
| Dewey Decimal Classification | Patrimonio Dominicano | Patrimonio Dominicano | Patrimonio Dominicano | Depósito | 13.11.2013 | Donado por familia Reyes _Duluc | LF1 | xxxx C669co | 49132 | 13.11.2020 | 13.11.2020 | Libro y Folleto Colección Patrimonio Dominicano |
